MyGZULibrary

Visual methodologies : (Record no. 4054)

MARC details
000 -LEADER
fixed length control field 01032cam a2200289 a 4500
001 - CONTROL NUMBER
control field 16607980
003 - CONTROL NUMBER IDENTIFIER
control field GZU
005 - DATE AND TIME OF LATEST TRANSACTION
control field 20210311115124.0
008 - FIXED-LENGTH DATA ELEMENTS--GENERAL INFORMATION
fixed length control field 110112s2012 enka b 001 0 eng
010 ## - LIBRARY OF CONGRESS CONTROL NUMBER
LC control number 2011920557
020 ## - INTERNATIONAL STANDARD BOOK NUMBER
International Standard Book Number 9780857028877
020 ## - INTERNATIONAL STANDARD BOOK NUMBER
International Standard Book Number 9780857028884 (pbk.)
040 ## - CATALOGING SOURCE
Original cataloging agency DLC
Transcribing agency DLC
Modifying agency DLC
042 ## - AUTHENTICATION CODE
Authentication code pcc
050 00 - LIBRARY OF CONGRESS CALL NUMBER
Classification number P 93.5
Item number .ROS 2012
100 1# - MAIN ENTRY--PERSONAL NAME
Personal name Rose, Gillian,
Dates associated with a name 1962-
245 10 - TITLE STATEMENT
Title Visual methodologies :
Remainder of title an introduction to researching with visual materials /
Statement of responsibility, etc. Gillian Rose.
250 ## - EDITION STATEMENT
Edition statement 3rd ed.
260 ## - PUBLICATION, DISTRIBUTION, ETC.
Place of publication, distribution, etc. London ;
-- Thousand Oaks, Calif. :
Name of publisher, distributor, etc. SAGE,
Date of publication, distribution, etc. 2012.
300 ## - PHYSICAL DESCRIPTION
Extent xx, 386 p. :
Other physical details ill. (some col.) ;
Dimensions 25 cm.
504 ## - BIBLIOGRAPHY, ETC. NOTE
Bibliography, etc. note Includes bibliographical references (p. [354]-375) and index.
650 #0 - SUBJECT ADDED ENTRY--TOPICAL TERM
Topical term or geographic name entry element Visual communication.
650 #0 - SUBJECT ADDED ENTRY--TOPICAL TERM
Topical term or geographic name entry element Visual literacy.
906 ## - LOCAL DATA ELEMENT F, LDF (RLIN)
a 7
b cbc
c orignew
d 2
e epcn
f 20
g y-gencatlg
942 ## - ADDED ENTRY ELEMENTS (KOHA)
Source of classification or shelving scheme Library of Congress Classification
Koha item type Books
Edition 3rd ed.
Classification part 93.5
Item part ROS
Call number prefix P
Holdings
Withdrawn status Lost status Damaged status Not for loan Collection code Home library Current library Shelving location Date acquired Total Checkouts Full call number Barcode Date last seen Copy number Price effective from Koha item type
        Non-fiction City Campus Library City Campus Library General Stacks 03/11/2021   P 93.5 ROS 2012 025770 03/11/2021 c.1 03/11/2021 Books
        Non-fiction City Campus Library City Campus Library General Stacks 03/16/2021   P 93.5 ROS 2012 003877 03/16/2021 c.2 03/16/2021 Books
        Non-fiction Mashava Campus Library Mashava Campus Library General Stacks 05/17/2021   P 93.5 ROS 2012 000216 05/17/2021 C.3 05/17/2021 Books